Transcontinental countries - Statistics

General Stats
  • This quiz has been taken 148 times
  • The average score is 15 of 25
Answer Stats
Hint Answer % Correct
Europe & Asia Russia
95%
Asia & Europe Turkey
90%
ALL United Kingdom
86%
North America, Oceania & Asia United States
81%
Africa & Asia Egypt
77%
Europe, Both the Americas, Africa & Oceania France
77%
Europe & Africa Spain
75%
Asia & Oceania Indonesia
72%
Both the Americas Panama
71%
Asia & Europe Georgia
62%
Europe & Both the Americas Netherlands
62%
Europe, Africa & North America Portugal
62%
Oceania & Asia Australia
61%
Asia & Europe Azerbaijan
58%
Europe & North America Denmark
58%
South America & Oceania Chile
57%
Both the Americas Colombia
51%
Europe & Africa Italy
51%
Asia & Oceania Japan
50%
Asia & Europe Kazakhstan
50%
South America & Oceania Ecuador
48%
Europe & Asia Greece
41%
Asia & Africa Yemen
32%
Europe & North America Iceland
31%
Both the Americas Trinidad and Tobago
30%
No matching quizzes found
Score Distribution
Percent of People with Each Score
Percentile by Number Answered
Your Score History
You have not taken this quiz